[Event "Hradec Kralove op 11th"]
[Site "Hradec Kralove"]
[Date "2022.11.08"]
[Round "4"]
[White "Peglau, Dora"]
[Black "Novotny, Lubomir"]
[Result "0-1"]
[WhiteElo "1798"]
[BlackElo "1846"]
[PlyCount "100"]
[EventDate "2022.11.05"]
[EventType "swiss"]
[EventRounds "9"]
[EventCountry "CZE"]
[SourceTitle "CBM 211 Extra"]
[Source "ChessBase"]
[SourceDate "2023.01.31"]
[SourceVersion "1"]
[SourceVersionDate "2023.01.31"]
[SourceQuality "1"]

1. e4 g6 2. d4 Bg7 3. c4 d6 4. Nc3 Nf6 5. Be2 0-0 6. Be3 c6 7. h4 Qa5 8. f3 h5 9. Qd2 e5 10. d5 b5 11. cxb5 cxd5 12. exd5 Bb7 13. Rd1 Nbd7 14. Bc4 Rac8 15. Bb3 Nc5 16. Bc2 Rfe8 17. Ne4 Qxd2+ 18. Rxd2 Ncxe4 19. fxe4 Ng4 20. Bxa7 Bh6 21. Re2 Ra8 22. b6 Rec8 23. Bd1 Rc1 24. Rh3 Rac8 25. Rc3 R8xc3 26. bxc3 Ne3 27. Rd2 Rxc3 28. Bb8 Rc1 29. Ne2 Rb1 30. Nc3 Rxb6 31. Bc7 Ra6 32. Rb2 Ra3 33. Nb1 Ra7 34. Bb6 Nc4 35. Rb4 Nxb6 36. Rxb6 Bf4 37. Rxd6 Rxa2 38. Rb6 Bg3+ 39. Kf1 Ba6+ 40. Rxa6 Rxa6 41. Nc3 Ra1 42. Ke2 Bxh4 43. Na4 Ra2+ 44. Kf3 Rf2+ 45. Ke3 Rxg2 46. d6 Bg5+ 47. Kf3 Rd2 48. Be2 Rxd6 49. Nc3 Kg7 50. Nd5 Rd8 0-1

[Event "Hradec Kralove op"]
[Site "Hradec Kralove"]
[Date "2013.05.17"]
[Round "3"]
[White "Tuma, Jan"]
[Black "Novotny, Lubomir"]
[Result "0-1"]
[WhiteElo "1748"]
[BlackElo "1956"]
[PlyCount "78"]
[EventDate "2013.05.15"]
[EventType "swiss"]
[EventRounds "9"]
[EventCountry "CZE"]
[SourceTitle "CBM 154 Extra"]
[Source "ChessBase"]
[SourceDate "2013.06.25"]
[SourceVersion "2"]
[SourceVersionDate "2013.06.25"]
[SourceQuality "1"]

1. e4 c5 2. Nf3 d6 3. d4 cxd4 4. Nxd4 Nf6 5. Nc3 a6 6. Bc4 Qc7 7. Bb3 e6 8. 0-0 b5 9. a3 Nc6 10. Be3 Ne5 11. f4 Neg4 12. Bc1 e5 13. Nf3 Qc5+ 14. Kh1 Nf2+ 15. Rxf2 Qxf2 16. fxe5 dxe5 17. Nxe5 Be6 18. Bxe6 fxe6 19. Bg5 Rd8 20. Qf1 Bc5 21. a4 Qxf1+ 22. Rxf1 b4 23. Ne2 0-0 24. Bxf6 Rxf6 25. Re1 Rd2 26. Ng3 Rxc2 27. Nd3 Bf2 28. Rb1 b3 29. Nb4 Bxg3 30. hxg3 Re2 31. Nxa6 Rxe4 32. Nc5 Rb4 33. Ra1 Rf5 34. Nxe6 Ra5 35. Nf4 Rbxa4 36. Rxa4 Rxa4 37. Nd3 Rc4 38. Kg1 Rc2 39. g4 Rd2 0-1

[Event "Hradec Kralove op"]
[Site "Hradec Kralove"]
[Date "2013.05.15"]
[Round "1"]
[White "Brhlik, Antonin"]
[Black "Novotny, Lubomir"]
[Result "0-1"]
[WhiteElo "1684"]
[BlackElo "1956"]
[PlyCount "92"]
[EventDate "2013.05.15"]
[EventType "swiss"]
[EventRounds "9"]
[EventCountry "CZE"]
[SourceTitle "CBM 154 Extra"]
[Source "ChessBase"]
[SourceDate "2013.06.25"]
[SourceVersion "2"]
[SourceVersionDate "2013.06.25"]
[SourceQuality "1"]

1. e4 c5 2. Nf3 d6 3. d4 cxd4 4. Nxd4 Nf6 5. Nc3 a6 6. Be3 Ng4 7. Bg5 h6 8. Bh4 g5 9. Bg3 Bg7 10. Qd2 Nc6 11. Nf3 Be6 12. h4 Qb6 13. Na4 Qb4 14. Qxb4 Nxb4 15. Nb6 Rd8 16. 0-0-0 gxh4 17. Rxh4 Nxa2+ 18. Kb1 Nb4 19. Nd4 Ne5 20. Nxe6 fxe6 21. Be2 Nbc6 22. Bh5+ Nf7 23. c3 0-0 24. f3 Ng5 25. Bf4 Bf6 26. Bg4 Kg7 27. Rdh1 Rh8 28. Rh5 Ne5 29. Bxg5 Nxg4 30. Bxf6+ Nxf6 31. R5h4 h5 32. Kc2 Rh7 33. Kd3 Rg8 34. Ke3 Kh8 35. Kf2 Rg5 36. Nc4 Rb5 37. Rb1 Kg8 38. Na3 Ra5 39. Rd1 Rg7 40. Nc4 Rc5 41. Ne3 a5 42. Rd3 a4 43. Rh1 b5 44. Nc2 Rcg5 45. Rh2 Rf7 46. Re3 Ng4+ 0-1

[Event "CZE-chT2B 1213"]
[Site "Czech Republic"]
[Date "2012.12.16"]
[Round "5.7"]
[White "Purnoch, Josef"]
[Black "Novotny, Lubomir"]
[Result "1/2-1/2"]
[WhiteElo "2119"]
[BlackElo "1986"]
[PlyCount "84"]
[EventDate "2012.10.14"]
[EventType "team-tourn"]
[EventRounds "11"]
[EventCountry "CZE"]
[SourceTitle "EXT 2015"]
[Source "ChessBase"]
[SourceDate "2014.11.20"]
[SourceVersion "1"]
[SourceVersionDate "2014.11.20"]
[SourceQuality "1"]
[WhiteTeam "Neratovice"]
[BlackTeam "Jicin II"]
[WhiteTeamCountry "CZE"]
[BlackTeamCountry "CZE"]

1. d4 Nf6 2. c4 e5 3. dxe5 Ng4 4. Nf3 Nc6 5. Nc3 Ngxe5 6. Nxe5 Nxe5 7. e3 d6 8. Be2 c6 9. 0-0 Be7 10. e4 0-0 11. Be3 Be6 12. b3 f5 13. f4 Nf7 14. Bf3 Nh6 15. Qc2 Bf6 16. Rad1 Qc7 17. Rd2 Rae8 18. Re2 a6 19. Rd1 Bxc3 20. Qxc3 fxe4 21. Bxe4 Bg4 22. Bf3 Bxf3 23. gxf3 Nf5 24. Rde1 Re6 25. Bf2 Rxe2 26. Rxe2 Qf7 27. Bg3 h6 28. Kf2 Qh5 29. Kg2 Qg6 30. Qe1 Nd4 31. Re4 Nf5 32. Re6 Qf7 33. Re4 d5 34. cxd5 cxd5 35. Re5 d4 36. Qd2 Qc7 37. Bf2 Qd6 38. Qd3 Qg6+ 39. Kh3 Qh5+ 40. Kg2 Qg6+ 41. Kh3 Qh5+ 42. Kg2 Qg6+ 1/2-1/2

[Event "CZE-chT rap"]
[Site "Pardubice"]
[Date "2012.07.14"]
[Round "5.2"]
[White "Novotny, Lubomir"]
[Black "Krouzel, Jaroslav"]
[Result "1/2-1/2"]
[WhiteElo "1955"]
[BlackElo "2144"]
[PlyCount "117"]
[EventDate "2012.07.12"]
[EventType "team-swiss"]
[EventRounds "7"]
[EventCountry "CZE"]
[SourceTitle "EXT 2013"]
[Source "ChessBase"]
[SourceDate "2012.11.22"]
[SourceVersion "1"]
[SourceVersionDate "2012.11.22"]
[SourceQuality "1"]

1. e4 e6 2. d4 d5 3. Nc3 Bb4 4. exd5 exd5 5. Bd3 Ne7 6. Qh5 c5 7. dxc5 d4 8. a3 Qa5 9. Rb1 dxc3 10. axb4 Qa2 11. bxc3 Qxb1 12. Ne2 Qa2 13. c4 Nd7 14. 0-0 Ng6 15. Nc3 Qa6 16. Nd5 0-0 17. Nc7 Qc6 18. Nxa8 Nf6 19. b5 Qxg2+ 20. Kxg2 Nxh5 21. Bxg6 fxg6 22. Nc7 Nf4+ 23. Bxf4 Rxf4 24. Ne8 Rg4+ 25. Kh1 Rxc4 26. Nd6 Rxc5 27. Re1 Bd7 28. c4 Kf8 29. Re4 Rc7 30. f3 g5 31. Kg1 g6 32. Kf2 a6 33. Rd4 axb5 34. cxb5 Ke7 35. b6 Rc2+ 36. Kg3 h5 37. h4 gxh4+ 38. Kxh4 Bc6 39. Rd3 Rb2 40. f4 Kf6 41. Nc4 Rb4 42. Rd6+ Kf5 43. Na5 Rxb6 44. Nxb7 Rxb7 45. Rxc6 Rb1 46. Kg3 Rg1+ 47. Kf3 h4 48. Rc5+ Kf6 49. Rc6+ Kg7 50. Kf2 Rg3 51. Rc7+ Kf6 52. Rc5 Ra3 53. Kg2 h3+ 54. Kh2 Rf3 55. Ra5 Rxf4 56. Kxh3 Rf5 57. Ra6+ Kg5 58. Kg3 Rb5 59. Ra3 1/2-1/2

[Event "Plzen op 3rd"]
[Site "Plzen"]
[Date "2011.11.20"]
[Round "2"]
[White "Novotny, Lubomir"]
[Black "Frantsuzova, Lyudmila Nikola"]
[Result "1-0"]
[WhiteElo "2019"]
[BlackElo "1827"]
[PlyCount "87"]
[EventDate "2011.11.19"]
[EventType "swiss"]
[EventRounds "9"]
[EventCountry "CZE"]
[SourceTitle "CBM 145 Extra"]
[Source "ChessBase"]
[SourceDate "2012.01.03"]
[SourceVersion "1"]
[SourceVersionDate "2012.01.03"]
[SourceQuality "1"]

1. e4 c5 2. Nf3 Nc6 3. d4 cxd4 4. Nxd4 Nf6 5. Nc3 e5 6. Ndb5 d6 7. Bg5 a6 8. Na3 b5 9. Bxf6 Qxf6 10. Nd5 Qd8 11. Bxb5 axb5 12. Nxb5 Qa5+ 13. c3 Kd8 14. a4 Rb8 15. b4 Qa8 16. 0-0 h5 17. Ndc7 Qb7 18. a5 Rh6 19. a6 Qb6 20. a7 Nxa7 21. Rxa7 Bb7 22. Qd3 Qc6 23. Qd5 Qxd5 24. exd5 Bxd5 25. Nxd5 Rxb5 26. Ra8+ Kd7 27. c4 Rxd5 28. cxd5 Be7 29. Rfa1 Bd8 30. R1a7+ Bc7 31. b5 f5 32. b6 Ke7 33. bxc7 Kf6 34. c8Q e4 35. Qe6+ Kg5 36. Rxg7+ Kf4 37. Qxh6+ Ke5 38. Qe6+ Kd4 39. Qxd6 h4 40. Ra4+ Kd3 41. Qa3+ Kc2 42. Rc7+ Kd2 43. Qe3+ Kd1 44. Ra1# 1-0

[Event "Liberec op 09th"]
[Site "Liberec"]
[Date "2008.11.21"]
[Round "8"]
[White "Novotny, Lubomir"]
[Black "Suchomel, Tomas"]
[Result "1-0"]
[WhiteElo "1948"]
[BlackElo "1720"]
[PlyCount "49"]
[EventDate "2008.11.15"]
[EventType "swiss"]
[EventRounds "9"]
[EventCountry "CZE"]
[SourceTitle "CBM 127 Extra"]
[Source "ChessBase"]
[SourceDate "2009.01.08"]
[SourceVersion "2"]
[SourceVersionDate "2009.01.28"]
[SourceQuality "1"]

1. Nf3 d5 2. c4 e6 3. d4 c6 4. Nc3 Nf6 5. Qb3 Nbd7 6. Bg5 Nb6 7. c5 Nc4 8. e3 Na5 9. Qc2 b6 10. b4 Nb7 11. Bd3 Be7 12. Ne5 Qc7 13. Nxc6 h6 14. Bf4 Qd7 15. Bb5 0-0 16. Nxa7 Qd8 17. Nc6 Qe8 18. cxb6 Bd8 19. Nxd8 Qxd8 20. Bc7 Qe7 21. Qb3 Nd6 22. Bc6 Ra6 23. b5 Nxb5 24. Nxb5 Bd7 25. Bd6 1-0